Výsledky konjunkturálneho prieskumu vo vnútornom obchode - 3/1998

Gespeichert in:
Bibliographische Detailangaben
Format: Buch
Sprache:Slowakisch
Veröffentlicht: Bratislava Štatistický úrad Slovenskej republiky 1998
Schriftenreihe:Konjunkturálne prieskumy
Schlagworte:
Tags: Tag hinzufügen
Keine Tags, Fügen Sie das erste Tag hinzu!

MARC

LEADER 00000nam a2200000 4500
001 c100738
005 20260223100513.7
041 0 |a slo 
044 |a SK 
245 1 0 |a Výsledky konjunkturálneho prieskumu vo vnútornom obchode - 3/1998 
264 1 |a Bratislava  |b Štatistický úrad Slovenskej republiky  |c 1998 
300 |a 4 s. 
490 1 |a Konjunkturálne prieskumy 
830 0 |a Konjunkturálne prieskumy 
610 2 0 |a Slovensko 
610 2 0 |a obchod vnútorný